Η Ελλάδα της μετανάστευσης : κοινωνική συμμετοχή, δικαιώματα και ιδιότητα του πολίτη

Αποθηκεύτηκε σε:
Λεπτομέρειες βιβλιογραφικής εγγραφής
Κύριος συγγραφέας: Βεντούρα, Λίνα (Συγγραφέας)
Συγγραφή απο Οργανισμό/Αρχή: Κέντρο Ερευνών Μειονοτικών Ομάδων
Άλλοι συγγραφείς: Χριστόπουλος, Δημήτρης (Επιμελητής έκδοσης), Διαμαντούρος, Νικηφόρος (Συγγραφέας εισαγωγής κ.λπ.), Παύλου, Μίλτος (Επιμελητής έκδοσης)
Μορφή: Βιβλίο
Γλώσσα:Greek
Δημοσίευση: Αθήνα : Κριτική, 2004.
Σειρά:Σειρά μελετών (Κέντρο Ερευνών Μειονοτικών Ομάδων) 8
Θέματα:
Ετικέτες: Προσθήκη ετικέτας
Δεν υπάρχουν, Καταχωρήστε ετικέτα πρώτοι!

MARC

LEADER 00000cam a2200000 i 4500
001 1/46388
008 070618s2004 gr | || ||||| ||gre||
020 |a 9602183888 
035 |l 10088362 
040 |a GR-MyUa  |b gre  |e AACR2 
041 0 |a gre 
082 7 |a 304.809495   |2 (22) 
245 0 2 |a Η Ελλάδα της μετανάστευσης :   |b κοινωνική συμμετοχή, δικαιώματα και ιδιότητα του πολίτη /   |c κείμενα των: Λίνας Βεντούρα, Βασίλη Καρύδη, Αθανασίου Μαρβάκη ... [κ.ά.] ; επιμέλεια: Μίλτος Παύλου, Δημήτρης Χριστόπουλος ; πρόλογος: Νικηφόρος Διαμαντούρος ; Κέντρο Ερευνών Μειοδοτικών Ομάδων.  
260 |a Αθήνα :   |b Κριτική,   |c 2004.  
300 |a 406 σ. :   |b πίν., διαγρ. ;   |c 21 εκ. 
490 1 |a (Σειρά μελετών / Κέντρο Ερευνών Μειονοτικών Ομάδων ;   |v 80) 
504 |a Περιλαμβάνει βιβλιογραφικές παραπομπές.  
650 0 |a Immigrants  |z Greece  |x Social conditions. 
650 0 |a Emigration and immigration  |x Social aspects. 
651 0 |a Greece  |x Emigration and immigration. 
700 1 |a Βεντούρα, Λίνα,  |e aut 
700 1 |a Χριστόπουλος, Δημήτρης,  |e edt 
700 1 |a Διαμαντούρος, Νικηφόρος,  |e aui 
700 1 |a Παύλου, Μίλτος,  |e edt 
710 2 |a Κέντρο Ερευνών Μειονοτικών Ομάδων. 
830 0 |a Σειρά μελετών (Κέντρο Ερευνών Μειονοτικών Ομάδων)  |v 8 
852 |a INST  |b LESVOS  |e 20070618  |h 304.809495 ΒΕΝ  |p 005100038061  |q 005100038061  |t BK  |y 0 
852 |a INST  |b LESVOS  |e 20100511  |h 304.809495 ΒΕΝ  |p 005100047259  |q 005100047259  |t BK  |y 0 
852 |a INST  |b LESVOS  |e 20100511  |h 304.809495 ΒΕΝ  |p 005100047260  |q 005100047260  |t BK  |y 0 
852 |a INST  |b LESVOS  |e 20100511  |h 304.809495 ΒΕΝ  |p 005100047261  |q 005100047261  |t BK  |y 0 
852 |a INST  |b LESVOS  |e 20110722  |h 304.809495 ΒΕΝ  |p 005100050146  |q 005100050146  |t BK  |y 0 
852 |a INST  |b LESVOS  |e 20141010  |h 304.809495 ΒΕΝ  |p 005100055848  |q 005100055848  |t BK  |y 0 
852 |a INST  |b RHODES  |e 20170613  |h 304.809495 ΕΛΛ  |p 005400039339  |q 005400039339  |t BK  |y 0 
901 |a BIBL1-2007-2 
901 |a BIBL1-2014-3 
922 |a 1ΕΛΗ  |b 200705  |c ΕΠΕΑΕΚ2/ΤΚΑ  |d Σ. ΠΑΤΑΚΗΣ 
970 |a ΚΑΡΑ  |b ΓΙΑΣΕΜΗ  |z 2007/06/18